The chemical industry

Đã lưu trong:
Sonraí Bibleagrafaíochta
Údar Corparáideach: Organisation for Economic Co-operation and Development
Formáid: Leabhar
Teanga:Undetermined
Foilsithe: Paris Organisation for Economic Co-operation and Development 1973
Ábhair:
Clibeanna: Cuir Clib Leis
Gan Chlibeanna, Bí ar an gcéad duine leis an taifead seo a chlibeáil!
Thư viện lưu trữ: Trung tâm Học liệu Trường Đại học Cần Thơ
LEADER 00588nam a2200181Ia 4500
001 CTU_82615
008 210402s9999 xx 000 0 und d
082 |a 338.4 
082 |b O.68 
110 |a Organisation for Economic Co-operation and Development 
245 4 |a The chemical industry 
245 0 |c Organisation for Economic Co-operation and Development 
260 |a Paris 
260 |b Organisation for Economic Co-operation and Development 
260 |c 1973 
650 |a Chemical industries 
904 |i QHieu(sửa) 
980 |a Trung tâm Học liệu Trường Đại học Cần Thơ